Statistics for Numbered Answers Quiz #1

Click here to take the quiz!

General Stats

  • This quiz has been taken 37,116 times
    (27,129 since last reset)
  • The average score is 16 of 24

Answer Stats

Clue#Answer% Correct
Snow White's companions7Seven Dwarfs
96%
Defined abs6Six Pack
91%
Special day in a girl's life16Sweet Sixteen
87%
What Sinbad sailed7The Seven Seas
85%
They don't make a right2Two Wrongs
85%
Two's company, but...3Three's a Crowd
84%
Larry, Curly, and Moe3The Three Stooges
81%
Secret military site where
extraterrestrials can be found?
51Area 51
80%
Type of truck1818-Wheeler
75%
Where you get your kicks66Route 66
73%
When Bryan Adams got his
first real six-string
69Summer of '69
68%
Ali Baba's companions40Forty Thieves
67%
What a bird in hand is worth2Two in the Bush
65%
Intersection of CO, UT,
AZ and NM
4Four Corners
64%
State of bliss7Seventh Heaven
58%
Dirty Harry's weapon of choice44.44 Magnum
56%
1964 song by The Beatles8Eight Days a Week
54%
State of bliss9On Cloud Nine
49%
What a stitch in time does9Saves Nine
49%
Site of a 1979 nuclear accident3Three Mile Island
44%
Curse word4Four Letter Word
40%
Band led by Rob Thomas20Matchbox 20
39%
Slot machine1One Armed Bandit
39%
Gabriel García Márquez novel100One Hundred
Years of Solitude
24%

Score Distribution

Percentile by Number Answered

Percent of People with Each Score

Your Score History

You have not taken this quiz since the last reset